000 00440nam a2200181Ia 4500
001 16477
005 20260306170312.0
008 260306t2005||||xx |||||||||||||| ||und||
041 _aESP
082 _a348.6
_bL39
100 _aSanta María Mecq, Luis Carlos
_eAUT
245 0 _aLegislación general del trabajo
260 _c2005
300 _a954 páginas :
_c23 cm.
650 _aGEN
654 _aCDE
942 _cLIB
_dJUS
_fJUS
_2ddc
_n
999 _c16477
_d16477